Producao técnico-científica CCa-UFSC: resumos

-д хадгалсан:
Номзүйн дэлгэрэнгүй
Байгууллагын зохиогч: Universidad Federal de Santa Catarina (Зохиогч)
Формат: Ном
Хэл сонгох:португал
Хэвлэсэн: Florianópolis UFSC 1996
Нөхцлүүд:
Шошгууд: Шошго нэмэх
Шошго байхгүй, Энэхүү баримтыг шошголох эхний хүн болох!

MARC

LEADER 00000nam a2200000 a 4500
001 UCM7829
003 CL-VaPUC
008 030110e19960000BL |||||||||||||||||por|d
082 0 4 |a 016.63  |b UNI  |2 21 
110 2 |a Universidad Federal de Santa Catarina  |e author  |9 473467 
245 1 0 |a Producao técnico-científica CCa-UFSC: resumos 
300 |a 276 p 
942 |c BK 
945 |d 20030110 00:00:00  |a cmena 
260 |a Florianópolis  |b UFSC  |c 1996 
650 0 |a Agronomía  |9 358010 
650 0 |a Bibliografías   |9 257071 
583 |a last modification  |c 20030110 00:00:00  |k Rodrigo Vera 
999 |c 302490  |d 302488